NBA All-Time Rosters(Atlanta Hawks-Golden State Warriors) - Statistics

General Stats
  • This quiz has been taken 588 times
  • The average score is 56 of 109
Answer Stats
Answer % Correct
Larry Bird
89%
Bill Russell
88%
Dominique Wilkins
87%
Stephen Curry
86%
Lenny Wilkens
85%
Dell Curry
84%
Klay Thompson
83%
Michael Jordan
83%
Scottie Pippen
83%
Kyrie Irving
82%
LeBron James
82%
Paul Pierce
81%
David Thompson
80%
Dennis Rodman
80%
Dirk Nowitzki
80%
Draymond Green
80%
Julius Erving
80%
Jason Kidd
79%
Wilt Chamberlain
79%
Isiah Thomas
78%
Kevin McHale
78%
Derrick Rose
77%
Bob Cousy
76%
Dikembe Mutombo
76%
Kevin Durant
76%
John Havlicek
75%
Austin Carr
73%
Bob Pettit
73%
Kevin Love
73%
Bob Love
72%
Robert Parish
71%
Brook Lopez
70%
Kemba Walker
69%
Carmelo Anthony
68%
Chet Walker
68%
Steve Kerr
68%
Dennis Johnson
66%
Joe Johnson
66%
Larry Johnson
66%
Rick Barry
66%
Ben Wallace
65%
Gerald Wallace
64%
Joe Dumars
64%
Phil Jackson
64%
Alex English
63%
Joakim Noah
63%
Mahmoud Abdul-Rauf
63%
Bill Laimbeer
61%
Chris Mullin
61%
Vince Carter
61%
Alonzo Mourning
60%
Artis Gilmore
59%
Chauncey Billups
59%
Mark Price
57%
Buck Williams
55%
Sam Jones
54%
Steve Nash
54%
Jimmy Butler
53%
Al Horford
52%
Bingo Smith
50%
Zydrunas Ilgauskas
50%
Horace Grant
48%
Richard Hamilton
47%
Nate Thurmond
45%
Grant Hill
44%
Glen Rice
43%
Pete Maravich
43%
Bob Lanier
42%
Jason Terry
41%
Dave Cowens
39%
Brad Daugherty
38%
John Drew
38%
Mark Aguirre
38%
Larry Nance
37%
Muggsy Bogues
35%
Richard Jefferson
35%
Tyronn Lue
34%
Fat Lever
33%
Rolando Blackman
31%
Red Auerbach
30%
Lou Hudson
29%
Dan Issel
28%
Michael Finley
26%
Drazen Petrovic
24%
Larry Brown
23%
Rick Carlisle
23%
Dave Bing
20%
Derrick Coleman
20%
Chuck Daly
19%
Kirk Hinrich
19%
Campy Russell
15%
James Donaldson
15%
Jamal Mashburn
14%
Kiki Vandeweghe
13%
Emeka Okafor
9%
Sam Perkins
9%
Zelmo Beaty
9%
Anthony Mason
7%
Neil Johnston
7%
Erick Dampier
6%
Al Attles
4%
Byron Beck
3%
Kevin Loughery
3%
Paul Silas
3%
Bill Melchionni
2%
Billy Paultz
2%
Ralph Simpson
1%
No matching quizzes found
Score Distribution
Percent of People with Each Score
Percentile by Number Answered
Your Score History
You have not taken this quiz